Thirty Years in the South Seas : Land and People, Customs and Traditions in the Bismarck Archipelago and on the German Solomon Islands.

In this 900-page work, Parkinson drew together and expanded on the scientific and popular papers he had been publishing since 1887, creating in the process a landmark ethnography of the Bismarck Archipelago.

Bibliographic Details
Main Author: Parkinson, Richard.
Format: eBook
Language:English
Published: Sydney : Sydney University Press, 2011.
Edition:1st ed.
Subjects:
Online Access:Click to View
LEADER 01692nam a22003493i 4500
001 EBC31280414
003 MiAaPQ
005 20240729202206.0
006 m o d |
007 cr cnu||||||||
008 240729s2011 xx o ||||0 eng d
020 |a 9781743328330  |q (electronic bk.) 
020 |z 9781920899639 
035 |a (MiAaPQ)EBC31280414 
035 |a (Au-PeEL)EBL31280414 
040 |a MiAaPQ  |b eng  |e rda  |e pn  |c MiAaPQ  |d MiAaPQ 
100 1 |a Parkinson, Richard. 
245 1 0 |a Thirty Years in the South Seas :  |b Land and People, Customs and Traditions in the Bismarck Archipelago and on the German Solomon Islands. 
250 |a 1st ed. 
264 1 |a Sydney :  |b Sydney University Press,  |c 2011. 
264 4 |c Ã2010. 
300 |a 1 online resource (722 pages) 
336 |a text  |b txt  |2 rdacontent 
337 |a computer  |b c  |2 rdamedia 
338 |a online resource  |b cr  |2 rdacarrier 
520 |a In this 900-page work, Parkinson drew together and expanded on the scientific and popular papers he had been publishing since 1887, creating in the process a landmark ethnography of the Bismarck Archipelago. 
588 |a Description based on publisher supplied metadata and other sources. 
590 |a Electronic reproduction. Ann Arbor, Michigan : ProQuest Ebook Central, 2024. Available via World Wide Web. Access may be limited to ProQuest Ebook Central affiliated libraries.  
655 4 |a Electronic books. 
776 0 8 |i Print version:  |a Parkinson, Richard  |t Thirty Years in the South Seas  |d Sydney : Sydney University Press,c2011  |z 9781920899639 
797 2 |a ProQuest (Firm) 
856 4 0 |u https://ebookcentral.proquest.com/lib/matrademy/detail.action?docID=31280414  |z Click to View